000 00339nam a22001577a 4500
003 SGT
020 _a07-069-9745-X
082 _a615.4
_bH13R
100 _aRAMACHANDRAN,L.
245 _aHEALTH EDUCATION: A NEW APPROACH
250 _a1ST
260 _aNOIDA
_bVIKASH PUB
_c2013
300 _a284
650 _aPHARMACY
942 _2ddc
_cBK
999 _c11193
_d11193